000 01357cam a2200397 a 4500
001 16178869
003 ARRUPE
005 20140111020021.0
008 100409s2010 nyua b 001 0 eng
010 _a 2010013813
015 _aGBB070432
_2bnb
016 7 _a015572430
_2Uk
020 _a9781402768071 (alk. paper)
020 _a1402768079 (alk. paper)
020 _a9781402781247 (pbk.)
020 _a1402781245 (pbk.)
035 _a(OCoLC)ocn548555997
040 _aDLC
_cDLC
_dYDX
_dBTCTA
_dYDXCP
_dUKM
_dDLC
042 _apcc
050 0 0 _aJC328.3
_b.C73 2010
082 0 0 _a322.4
_222
100 1 _aCrawshaw, Steve.
_95059
245 1 0 _aSmall acts of resistance :
_bhow courage, tenacity, and ingenuity can change the world /
_cSteve Crawshaw and John Jackson.
260 _aNew York :
_bUnion Square Press,
_cc2010.
300 _aix, 230 p. :
_bill. ;
_c22 cm.
504 _aIncludes bibliographical references and index.
650 0 _aGovernment, Resistance to.
_95060
650 0 _aCivil disobedience.
_95061
650 0 _aHuman rights.
_95062
650 0 _aSocial action.
_95063
650 0 _aSocial change.
_95064
700 1 _aJackson, John,
_d1964-
_95065
906 _a7
_bcbc
_corignew
_d1
_eecip
_f20
_gy-gencatlg
942 _2lcc
_cMONOGRAPH
_01
999 _c119054
_d119054